Countries of Africa by Flag and First Letter - Statistics

General Stats
  • This quiz has been taken 3,059 times
  • The average score is 32 of 54
Answer Stats
Picture Answer % Correct
Egypt
70%
Kenya
70%
South Africa
70%
Morocco
69%
Algeria
68%
Nigeria
68%
Tunisia
68%
Angola
67%
Ivory Coast
67%
Liberia
67%
Somalia
66%
Uganda
66%
Ethiopia
65%
Niger
64%
Botswana
63%
Eswatini
63%
Seychelles
63%
Chad
62%
D.R. Congo
61%
Lesotho
61%
Mauritania
61%
Zambia
61%
Libya
60%
Tanzania
60%
Cape Verde
59%
Mozambique
59%
Burundi
58%
Central African Republic
58%
Madagascar
58%
Malawi
58%
Sudan
58%
Eritrea
57%
Ghana
57%
Zimbabwe
57%
Comoros
56%
Equatorial Guinea
55%
Burkina Faso
54%
Cameroon
54%
Djibouti
54%
Rwanda
54%
South Sudan
54%
Mauritius
53%
Namibia
53%
Sao Tome & Principe
53%
Sierra Leone
53%
Togo
53%
Gabon
52%
Gambia
52%
Senegal
52%
Rep. of the Congo
50%
Benin
49%
Mali
48%
Guinea
47%
Guinea-Bissau
47%
No matching quizzes found
Score Distribution
Percent of People with Each Score
Percentile by Number Answered
Your Score History
You have not taken this quiz